[Event "Blitz 2018"]
[Site "Saint-Petersburg"]
[Date "2018.12.30"]
[Round "20"]
[Board "18"]
[White "Sychev Klementy (RUS)"]
[Black "Ponkratov Pavel (RUS)"]
[Result "1-0"]
[LiveChessVersion "1.4.8"]
[BlackElo "2688"]
[WhiteElo "2594"]

1. e4 {[%clk 0:03:03]} c5 {[%clk 0:02:59]} 2. Nf3 {[%clk 0:03:04]} b6
{[%clk 0:03:01]} 3. d4 {[%clk 0:03:04]} cxd4 {[%clk 0:03:02]} 4. Nxd4
{[%clk 0:03:05]} Bb7 {[%clk 0:03:03]} 5. Nc3 {[%clk 0:03:06]} a6 {[%clk 0:03:05]}
6. Bg5 {[%clk 0:03:07]} Qc7 {[%clk 0:03:07]} 7. Nd5 {[%clk 0:03:08]} Qe5
{[%clk 0:03:07]} 8. Be3 {[%clk 0:03:09]} Bxd5 {[%clk 0:03:08]} 9. exd5
{[%clk 0:03:09]} Nf6 {[%clk 0:03:09]} 10. Bc4 {[%clk 0:03:07]} e6
{[%clk 0:02:58]} 11. O-O {[%clk 0:02:31]} Nxd5 {[%clk 0:02:49]} 12. Qf3
{[%clk 0:02:32]} Bd6 {[%clk 0:02:41]} 13. g3 {[%clk 0:02:26]} Nxe3
{[%clk 0:02:32]} 14. fxe3 {[%clk 0:02:22]} O-O {[%clk 0:02:33]} 15. Nxe6
{[%clk 0:01:53]} dxe6 {[%clk 0:02:15]} 16. Qxa8 {[%clk 0:01:54]} Qxe3+
{[%clk 0:02:15]} 17. Kh1 {[%clk 0:01:54]} b5 {[%clk 0:02:03]} 18. Bd3
{[%clk 0:01:42]} Qh6 {[%clk 0:01:55]} 19. Qe4 {[%clk 0:01:21]} Nd7
{[%clk 0:01:51]} 20. Rad1 {[%clk 0:01:01]} Nf6 {[%clk 0:01:40]} 21. Qf3
{[%clk 0:00:59]} Be5 {[%clk 0:01:31]} 22. c3 {[%clk 0:00:58]} Qg5
{[%clk 0:01:30]} 23. Rfe1 {[%clk 0:00:49]} Bb8 {[%clk 0:01:18]} 24. Qe3
{[%clk 0:00:40]} Qd5+ {[%clk 0:01:18]} 25. Kg1 {[%clk 0:00:30]} Qxa2
{[%clk 0:01:16]} 26. Re2 {[%clk 0:00:28]} Qb3 {[%clk 0:01:11]} 27. Rdd2
{[%clk 0:00:27]} h5 {[%clk 0:01:00]} 28. Qg5 {[%clk 0:00:23]} Qa4
{[%clk 0:00:50]} 29. Kg2 {[%clk 0:00:19]} Ba7 {[%clk 0:00:27]} 30. Re1
{[%clk 0:00:13]} Qg4 {[%clk 0:00:23]} 31. Qxg4 {[%clk 0:00:14]} Nxg4
{[%clk 0:00:25]} 32. Ra1 {[%clk 0:00:14]} Rb8 {[%clk 0:00:19]} 33. Rxa6
{[%clk 0:00:14]} Be3 {[%clk 0:00:20]} 34. Re2 {[%clk 0:00:14]} Bg5
{[%clk 0:00:20]} 35. Ra5 {[%clk 0:00:13]} Rd8 {[%clk 0:00:18]} 36. Rxb5
{[%clk 0:00:13]} Bc1 {[%clk 0:00:13]} 37. Be4 {[%clk 0:00:14]} Ne3+
{[%clk 0:00:09]} 38. Kf3 {[%clk 0:00:11]} Nc4 {[%clk 0:00:10]} 39. b4
{[%clk 0:00:09]} g6 {[%clk 0:00:07]} 40. Rc5 {[%clk 0:00:09]} Nd2+
{[%clk 0:00:06]} 41. Kg2 {[%clk 0:00:10]} Kg7 {[%clk 0:00:07]} 42. b5
{[%clk 0:00:09]} Ba3 {[%clk 0:00:07]} 43. Rc6 {[%clk 0:00:10]} Nb3
{[%clk 0:00:06]} 44. b6 {[%clk 0:00:10]} Na5 {[%clk 0:00:06]} 45. Rc7
{[%clk 0:00:11]} Bd6 {[%clk 0:00:07]} 46. Ra7 {[%clk 0:00:09]} Nc4
{[%clk 0:00:08]} 47. b7 {[%clk 0:00:10]} Be5 {[%clk 0:00:08]} 48. Ra8
{[%clk 0:00:10]} Bb8 {[%clk 0:00:08]} 49. Rea2 {[%clk 0:00:11]} Nd6
{[%clk 0:00:07]} 50. Bf3 {[%clk 0:00:11]} e5 {[%clk 0:00:07]} 51. Rxb8
{[%clk 0:00:11]} Rxb8 {[%clk 0:00:08]} 52. Ra8 {[%clk 0:00:11]} Rxb7
{[%clk 0:00:09]} 53. Bxb7 {[%clk 0:00:12]} Nxb7 {[%clk 0:00:10]} 54. c4
{[%clk 0:00:11]} Kf6 {[%clk 0:00:11]} 55. Ra6+ {[%clk 0:00:11]} Kf5
{[%clk 0:00:12]} 56. Ra7 {[%clk 0:00:11]} Nc5 {[%clk 0:00:11]} 57. Rxf7+
{[%clk 0:00:11]} Ke6 {[%clk 0:00:12]} 58. Rc7 {[%clk 0:00:12]} Nb3
{[%clk 0:00:11]} 59. Rc6+ {[%clk 0:00:12]} Kf5 {[%clk 0:00:12]} 60. Rc8
{[%clk 0:00:06]} Ke6 {[%clk 0:00:11]} 61. c5 {[%clk 0:00:06]} Nd4
{[%clk 0:00:09]} 62. c6 {[%clk 0:00:07]} Kd6 {[%clk 0:00:09]} 63. Rg8
{[%clk 0:00:07]} Nxc6 {[%clk 0:00:07]} 64. Rxg6+ {[%clk 0:00:08]} Kd5
{[%clk 0:00:09]} 65. Kf3 {[%clk 0:00:07]} Nd4+ {[%clk 0:00:10]} 66. Kf2
{[%clk 0:00:08]} Ke4 {[%clk 0:00:08]} 67. Rg5 {[%clk 0:00:09]} h4 68. Rg4+ Kd3
{[%clk 0:00:10]} 69. gxh4 {[%clk 0:00:09]} e4 {[%clk 0:00:11]} 70. Rg3+
{[%clk 0:00:11]} Kd2 {[%clk 0:00:12]} 71. Ra3 {[%clk 0:00:08]} Nc2
{[%clk 0:00:13]} 72. Ra2 {[%clk 0:00:08]} e3+ {[%clk 0:00:14]} 73. Kf3
{[%clk 0:00:09]} 1-0

[Event "Blitz 2018"]
[Site "Saint-Petersburg"]
[Date "2018.12.30"]
[Round "20"]
[Board "19"]
[White "Inarkiev Ernesto (RUS)"]
[Black "Hovhannisyan Robert (ARM)"]
[Result "1-0"]
[LiveChessVersion "1.4.8"]
[BlackElo "2588"]
[WhiteElo "2674"]

1. c4 {[%clk 0:03:03]} c6 {[%clk 0:03:02]} 2. d4 {[%clk 0:03:01]} d5
{[%clk 0:03:04]} 3. Nf3 {[%clk 0:03:02]} Nf6 4. g3 Bf5 {[%clk 0:03:02]} 5. Nc3
{[%clk 0:03:04]} e6 {[%clk 0:03:03]} 6. Nh4 {[%clk 0:03:05]} Be4 {[%clk 0:03:04]}
7. f3 {[%clk 0:03:06]} Bg6 {[%clk 0:03:05]} 8. Qb3 {[%clk 0:03:04]} Qb6
{[%clk 0:03:04]} 9. Nxg6 {[%clk 0:03:05]} hxg6 {[%clk 0:03:05]} 10. c5
{[%clk 0:03:04]} Qc7 {[%clk 0:03:03]} 11. e4 {[%clk 0:03:02]} dxe4
{[%clk 0:02:31]} 12. Bf4 {[%clk 0:02:50]} Qc8 {[%clk 0:02:30]} 13. fxe4
{[%clk 0:02:35]} Nbd7 {[%clk 0:02:31]} 14. e5 {[%clk 0:01:52]} Nh5
{[%clk 0:02:31]} 15. Ne4 {[%clk 0:01:51]} Nxf4 {[%clk 0:02:22]} 16. gxf4
{[%clk 0:01:53]} Qc7 {[%clk 0:02:22]} 17. O-O-O {[%clk 0:01:51]} b6
{[%clk 0:02:08]} 18. Nd6+ {[%clk 0:01:46]} Bxd6 {[%clk 0:02:05]} 19. cxd6
{[%clk 0:01:48]} Qb7 {[%clk 0:02:00]} 20. Bg2 {[%clk 0:01:49]} Rc8
{[%clk 0:01:42]} 21. Kb1 {[%clk 0:01:49]} Qa6 {[%clk 0:01:34]} 22. Rc1
{[%clk 0:01:39]} b5 {[%clk 0:00:48]} 23. Rc2 {[%clk 0:01:34]} Qb6
{[%clk 0:00:32]} 24. d5 {[%clk 0:01:24]} exd5 {[%clk 0:00:31]} 25. Bxd5
{[%clk 0:01:24]} O-O {[%clk 0:00:19]} 26. Bg2 {[%clk 0:01:07]} c5
{[%clk 0:00:16]} 27. h4 {[%clk 0:01:03]} c4 {[%clk 0:00:16]} 28. Qh3
{[%clk 0:01:04]} Qd4 {[%clk 0:00:11]} 29. Qxd7 {[%clk 0:01:02]} Qxf4
{[%clk 0:00:10]} 30. e6 {[%clk 0:01:00]} Rcd8 {[%clk 0:00:07]} 31. exf7+
{[%clk 0:00:59]} Kh8 {[%clk 0:00:08]} 32. Qe7 {[%clk 0:00:57]} Qxd6
{[%clk 0:00:06]} 33. Qxd6 {[%clk 0:00:57]} Rxd6 {[%clk 0:00:08]} 34. Rf2
{[%clk 0:00:57]} Rd7 {[%clk 0:00:06]} 35. Rhf1 {[%clk 0:00:57]} Kh7
{[%clk 0:00:07]} 36. Be4 {[%clk 0:00:52]} Kh6 {[%clk 0:00:08]} 37. Bc6
{[%clk 0:00:50]} Rd4 {[%clk 0:00:06]} 38. Re2 {[%clk 0:00:49]} g5
{[%clk 0:00:04]} 39. Re8 {[%clk 0:00:50]} Rxf7 {[%clk 0:00:05]} 40. Rxf7
{[%clk 0:00:51]} gxh4 {[%clk 0:00:06]} 41. Re4 {[%clk 0:00:50]} Rd1+
{[%clk 0:00:04]} 42. Kc2 {[%clk 0:00:51]} Rd6 43. Rxh4+ {[%clk 0:00:49]} Kg5
{[%clk 0:00:06]} 44. Re4 {[%clk 0:00:43]} Rxc6 45. Rxg7+ {[%clk 0:00:44]} Kf5
{[%clk 0:00:09]} 46. Ree7 {[%clk 0:00:42]} a6 {[%clk 0:00:09]} 47. a3
{[%clk 0:00:43]} Rh6 {[%clk 0:00:10]} 48. Rg2 {[%clk 0:00:43]} Kf6
{[%clk 0:00:07]} 49. Re3 {[%clk 0:00:44]} Kf5 {[%clk 0:00:08]} 50. Rf2+
{[%clk 0:00:45]} Kg4 {[%clk 0:00:09]} 51. Re8 {[%clk 0:00:46]} a5
{[%clk 0:00:09]} 52. Rg8+ {[%clk 0:00:47]} Kh3 {[%clk 0:00:11]} 53. Rg5
{[%clk 0:00:47]} b4 {[%clk 0:00:09]} 54. Rxa5 {[%clk 0:00:48]} 1-0

[Event "Blitz 2018"]
[Site "Saint-Petersburg"]
[Date "2018.12.30"]
[Round "20"]
[Board "20"]
[White "Predke Alexandr (RUS)"]
[Black "Jones Gawain C B (ENG)"]
[Result "0-1"]
[LiveChessVersion "1.4.8"]
[BlackElo "2722"]
[WhiteElo "2482"]

1. e4 {[%clk 0:03:03]} c5 {[%clk 0:03:04]} 2. Nc3 {[%clk 0:03:03]} Nc6
{[%clk 0:03:05]} 3. Nge2 {[%clk 0:03:04]} g6 {[%clk 0:03:06]} 4. d4
{[%clk 0:03:05]} cxd4 {[%clk 0:03:07]} 5. Nxd4 {[%clk 0:03:06]} Bg7
{[%clk 0:03:08]} 6. Be3 {[%clk 0:03:07]} d6 {[%clk 0:03:08]} 7. Be2
{[%clk 0:03:02]} Nf6 {[%clk 0:03:09]} 8. O-O {[%clk 0:03:02]} O-O
{[%clk 0:03:09]} 9. Qd2 {[%clk 0:03:00]} d5 {[%clk 0:03:09]} 10. exd5
{[%clk 0:02:50]} Nxd5 {[%clk 0:03:10]} 11. Nxd5 {[%clk 0:02:34]} Nxd4
{[%clk 0:03:10]} 12. Nc3 {[%clk 0:01:41]} Bf5 {[%clk 0:02:58]} 13. Rac1
{[%clk 0:01:21]} Nxe2+ {[%clk 0:02:54]} 14. Qxe2 {[%clk 0:01:23]} Qa5
{[%clk 0:02:51]} 15. Bd2 {[%clk 0:01:09]} Rfd8 {[%clk 0:02:36]} 16. Rfd1
{[%clk 0:01:10]} Qc7 {[%clk 0:02:25]} 17. Be1 {[%clk 0:01:06]} Be6
{[%clk 0:02:21]} 18. a3 {[%clk 0:01:00]} a6 {[%clk 0:02:19]} 19. h3
{[%clk 0:01:01]} b5 {[%clk 0:02:15]} 20. Rxd8+ {[%clk 0:00:58]} Rxd8
{[%clk 0:02:16]} 21. Rd1 {[%clk 0:00:59]} Bc4 {[%clk 0:02:04]} 22. Rxd8+
{[%clk 0:00:58]} Qxd8 {[%clk 0:02:05]} 23. Qd2 {[%clk 0:00:58]} Qxd2
{[%clk 0:02:03]} 24. Bxd2 {[%clk 0:00:59]} Bd4 {[%clk 0:01:59]} 25. Nd1
{[%clk 0:00:49]} f5 {[%clk 0:01:45]} 26. Be3 {[%clk 0:00:48]} Bf6
{[%clk 0:01:46]} 27. f4 {[%clk 0:00:45]} Bd5 {[%clk 0:01:44]} 28. Nc3
{[%clk 0:00:43]} Bc6 {[%clk 0:01:40]} 29. g3 {[%clk 0:00:43]} e5 {[%clk 0:01:39]}
30. Kf2 {[%clk 0:00:41]} Kf7 {[%clk 0:01:40]} 31. Nd1 {[%clk 0:00:26]} Ke6
{[%clk 0:01:40]} 32. c3 {[%clk 0:00:21]} Kd5 {[%clk 0:01:32]} 33. Ke2
{[%clk 0:00:13]} Kc4 {[%clk 0:01:29]} 34. Nf2 {[%clk 0:00:14]} Kb3
{[%clk 0:01:20]} 35. Nd3 {[%clk 0:00:15]} e4 {[%clk 0:01:21]} 36. Nc5+
{[%clk 0:00:11]} Kxb2 {[%clk 0:01:21]} 37. Nxa6 {[%clk 0:00:11]} Kxa3
{[%clk 0:01:18]} 38. Nb4 {[%clk 0:00:07]} Bb7 {[%clk 0:01:17]} 39. Nc2+
{[%clk 0:00:07]} Kb3 {[%clk 0:01:09]} 40. Nd4+ {[%clk 0:00:06]} Kc4
{[%clk 0:01:10]} 41. Kd2 {[%clk 0:00:07]} b4 {[%clk 0:01:11]} 0-1

[Event "Blitz 2018"]
[Site "Saint-Petersburg"]
[Date "2018.12.30"]
[Round "20"]
[Board "21"]
[White "Oparin Grigoriy (RUS)"]
[Black "Guseinov Gadir (AZE)"]
[Result "1-0"]
[LiveChessVersion "1.4.8"]
[BlackElo "2708"]
[WhiteElo "2641"]

1. Nf3 {[%clk 0:03:02]} g6 {[%clk 0:03:04]} 2. d4 {[%clk 0:03:03]} Bg7
{[%clk 0:03:04]} 3. e4 {[%clk 0:03:04]} d6 {[%clk 0:03:05]} 4. Bd3
{[%clk 0:03:04]} Nf6 {[%clk 0:03:06]} 5. O-O {[%clk 0:03:04]} O-O
{[%clk 0:03:06]} 6. c3 {[%clk 0:03:04]} Nc6 {[%clk 0:03:00]} 7. Re1
{[%clk 0:03:05]} e5 {[%clk 0:03:01]} 8. h3 {[%clk 0:02:57]} Nh5 {[%clk 0:02:53]}
9. Be3 {[%clk 0:02:49]} h6 {[%clk 0:02:51]} 10. Nbd2 {[%clk 0:02:48]} Qf6
{[%clk 0:02:51]} 11. Bf1 {[%clk 0:02:36]} Nf4 {[%clk 0:02:52]} 12. Kh2
{[%clk 0:02:30]} g5 {[%clk 0:02:41]} 13. g3 {[%clk 0:02:31]} Ng6 {[%clk 0:02:43]}
14. Bg2 {[%clk 0:02:28]} g4 {[%clk 0:02:34]} 15. hxg4 {[%clk 0:02:25]} Bxg4
{[%clk 0:02:35]} 16. Qb3 {[%clk 0:02:23]} Rab8 {[%clk 0:02:29]} 17. Kg1
{[%clk 0:02:19]} Kh7 {[%clk 0:02:15]} 18. Nh2 {[%clk 0:02:15]} Bd7
{[%clk 0:02:10]} 19. Ndf3 {[%clk 0:02:14]} b6 {[%clk 0:02:06]} 20. Rad1
{[%clk 0:02:14]} Rbd8 {[%clk 0:02:07]} 21. Qc2 {[%clk 0:02:13]} Rfe8
{[%clk 0:02:02]} 22. Re2 {[%clk 0:02:07]} Na5 {[%clk 0:01:57]} 23. b3
{[%clk 0:02:04]} Nc6 {[%clk 0:01:51]} 24. Red2 {[%clk 0:02:04]} Qe7
{[%clk 0:01:48]} 25. dxe5 {[%clk 0:01:54]} dxe5 {[%clk 0:01:38]} 26. Bf1
{[%clk 0:01:55]} Bc8 {[%clk 0:01:22]} 27. Bb5 {[%clk 0:01:50]} Bb7
{[%clk 0:01:22]} 28. Bc4 {[%clk 0:01:46]} Rxd2 {[%clk 0:01:13]} 29. Rxd2
{[%clk 0:01:47]} Nd8 {[%clk 0:01:06]} 30. Bd5 {[%clk 0:01:43]} c6
{[%clk 0:00:53]} 31. Bc4 {[%clk 0:01:44]} Ne6 {[%clk 0:00:53]} 32. Qd1
{[%clk 0:01:34]} Bc8 {[%clk 0:00:55]} 33. Rd6 {[%clk 0:01:25]} Nd4
{[%clk 0:00:44]} 34. Bxf7 {[%clk 0:00:59]} Qxf7 {[%clk 0:00:16]} 35. cxd4
{[%clk 0:00:59]} exd4 {[%clk 0:00:12]} 36. Bxd4 {[%clk 0:01:00]} Bf8
{[%clk 0:00:08]} 37. Rf6 Qd7 38. Ng5+ {[%clk 0:00:47]} hxg5 {[%clk 0:00:04]} 39.
Qh5+ {[%clk 0:00:48]} Kg8 {[%clk 0:00:05]} 40. Rxg6+ {[%clk 0:00:48]} 1-0

[Event "Blitz 2018"]
[Site "Saint-Petersburg"]
[Date "2018.12.30"]
[Round "20"]
[Board "22"]
[White "Kovalenko Igor (LAT)"]
[Black "Motylev Alexander (RUS)"]
[Result "1-0"]
[LiveChessVersion "1.4.8"]
[BlackElo "2609"]
[WhiteElo "2693"]

1. Nf3 {[%clk 0:03:02]} d5 {[%clk 0:03:03]} 2. c4 {[%clk 0:03:03]} d4
{[%clk 0:03:02]} 3. b4 {[%clk 0:03:00]} Bg4 {[%clk 0:02:59]} 4. d3
{[%clk 0:02:55]} a5 {[%clk 0:02:40]} 5. b5 {[%clk 0:02:56]} c5 {[%clk 0:02:38]}
6. Nbd2 {[%clk 0:02:54]} Nd7 {[%clk 0:02:36]} 7. h3 {[%clk 0:02:53]} Bh5
{[%clk 0:02:36]} 8. g3 {[%clk 0:02:52]} e5 {[%clk 0:02:36]} 9. Bg2
{[%clk 0:02:53]} Bd6 {[%clk 0:02:28]} 10. O-O {[%clk 0:02:52]} Ne7
{[%clk 0:02:29]} 11. e4 {[%clk 0:02:44]} O-O {[%clk 0:02:27]} 12. Qe1
{[%clk 0:02:43]} Qc7 {[%clk 0:02:17]} 13. Nh2 {[%clk 0:02:43]} Rae8
{[%clk 0:02:17]} 14. h4 {[%clk 0:02:43]} Bg6 {[%clk 0:02:11]} 15. Qe2
{[%clk 0:02:42]} f5 {[%clk 0:01:58]} 16. h5 {[%clk 0:02:35]} Bf7 {[%clk 0:01:50]}
17. exf5 {[%clk 0:02:36]} Nxf5 {[%clk 0:01:51]} 18. Ne4 {[%clk 0:02:36]} Nf6
{[%clk 0:01:44]} 19. Nxf6+ {[%clk 0:02:30]} gxf6 {[%clk 0:01:44]} 20. Qg4+
{[%clk 0:02:28]} Ng7 {[%clk 0:01:29]} 21. h6 {[%clk 0:02:29]} Bg6
{[%clk 0:01:30]} 22. hxg7 {[%clk 0:02:30]} Qxg7 {[%clk 0:01:30]} 23. Rd1
{[%clk 0:01:39]} f5 {[%clk 0:01:15]} 24. Qh3 {[%clk 0:01:41]} f4 {[%clk 0:01:17]}
25. gxf4 {[%clk 0:01:37]} exf4 {[%clk 0:01:13]} 26. Kh1 {[%clk 0:01:33]} Kh8
{[%clk 0:01:02]} 27. Bd2 {[%clk 0:01:24]} Bf5 {[%clk 0:00:56]} 28. Qf3
{[%clk 0:01:24]} Qh6 {[%clk 0:00:55]} 29. Re1 {[%clk 0:01:18]} Re3
{[%clk 0:00:56]} 30. Rg1 {[%clk 0:00:09]} Rxf3 {[%clk 0:00:49]} 31. Bxf3
{[%clk 0:00:11]} Bxd3 {[%clk 0:00:49]} 32. Rae1 {[%clk 0:00:10]} Bxc4
{[%clk 0:00:47]} 33. b6 Qh4 {[%clk 0:00:23]} 34. Rg2 {[%clk 0:00:09]} Rg8
{[%clk 0:00:20]} 35. Rxg8+ {[%clk 0:00:06]} Kxg8 {[%clk 0:00:21]} 36. Kg1
{[%clk 0:00:04]} Ba6 {[%clk 0:00:19]} 37. Re6 {[%clk 0:00:04]} Qg5+
{[%clk 0:00:15]} 38. Kh1 {[%clk 0:00:05]} Be7 {[%clk 0:00:14]} 39. Be4
{[%clk 0:00:06]} Kf7 {[%clk 0:00:14]} 40. Bxf4 {[%clk 0:00:04]} Qxf4
{[%clk 0:00:13]} 41. Bd5 {[%clk 0:00:05]} Qc1+ {[%clk 0:00:11]} 42. Re1+
{[%clk 0:00:07]} Kf6 {[%clk 0:00:11]} 43. Rxc1 {[%clk 0:00:08]} d3
{[%clk 0:00:12]} 44. Nf3 Bd6 {[%clk 0:00:07]} 45. Bc4 {[%clk 0:00:10]} Bf4
{[%clk 0:00:08]} 46. Bxa6 {[%clk 0:00:11]} Bxc1 {[%clk 0:00:08]} 47. Bxd3
{[%clk 0:00:13]} h6 {[%clk 0:00:10]} 48. Be4 {[%clk 0:00:14]} c4 {[%clk 0:00:09]}
49. Bxb7 {[%clk 0:00:15]} Kf5 {[%clk 0:00:09]} 50. Ba6 {[%clk 0:00:16]} c3
{[%clk 0:00:10]} 51. Bd3+ {[%clk 0:00:17]} Ke6 {[%clk 0:00:11]} 52. b7
{[%clk 0:00:18]} Bf4 {[%clk 0:00:11]} 53. Nd4+ {[%clk 0:00:17]} Kd5
{[%clk 0:00:11]} 54. Ne2 {[%clk 0:00:18]} Bb8 {[%clk 0:00:10]} 55. Kg2
{[%clk 0:00:17]} Kc6 {[%clk 0:00:06]} 56. Be4+ Kc5 57. a3 {[%clk 0:00:17]} Kc4
{[%clk 0:00:08]} 58. Bc2 {[%clk 0:00:19]} Bd6 {[%clk 0:00:07]} 59. Kh3
{[%clk 0:00:19]} Be5 {[%clk 0:00:05]} 60. f4 {[%clk 0:00:19]} Bd6
{[%clk 0:00:07]} 61. f5 {[%clk 0:00:21]} Kd5 {[%clk 0:00:08]} 62. Kg4
{[%clk 0:00:22]} Kc6 {[%clk 0:00:09]} 63. Be4+ {[%clk 0:00:23]} Kc7
{[%clk 0:00:10]} 64. Nxc3 {[%clk 0:00:24]} Be5 {[%clk 0:00:07]} 65. Nb5+
{[%clk 0:00:25]} Kb6 {[%clk 0:00:08]} 66. a4 {[%clk 0:00:26]} 1-0

[Event "Blitz 2018"]
[Site "Saint-Petersburg"]
[Date "2018.12.30"]
[Round "20"]
[Board "23"]
[White "Gordievsky Dmitry (RUS)"]
[Black "Zhigalko Sergei (BLR)"]
[Result "0-1"]
[LiveChessVersion "1.4.8"]
[BlackElo "2693"]
[WhiteElo "2591"]

1. Nf3 {[%clk 0:03:03]} d5 {[%clk 0:03:03]} 2. g3 {[%clk 0:03:03]} c6
{[%clk 0:03:05]} 3. c4 {[%clk 0:03:04]} dxc4 {[%clk 0:02:59]} 4. Bg2
{[%clk 0:03:05]} Nf6 {[%clk 0:02:57]} 5. O-O {[%clk 0:03:05]} Qd5
{[%clk 0:02:58]} 6. Nc3 {[%clk 0:03:04]} Qh5 {[%clk 0:02:59]} 7. b3
{[%clk 0:03:00]} cxb3 {[%clk 0:02:52]} 8. Qxb3 {[%clk 0:02:54]} e6
{[%clk 0:02:28]} 9. a4 {[%clk 0:02:53]} Qa5 {[%clk 0:02:22]} 10. d4
{[%clk 0:02:51]} Be7 {[%clk 0:02:21]} 11. Rb1 {[%clk 0:02:48]} O-O
{[%clk 0:02:14]} 12. Nd2 {[%clk 0:02:48]} Qd8 {[%clk 0:02:13]} 13. e3
{[%clk 0:02:47]} Nd5 {[%clk 0:02:07]} 14. Nc4 {[%clk 0:02:42]} b6
{[%clk 0:01:42]} 15. Rd1 {[%clk 0:02:43]} Nd7 {[%clk 0:01:38]} 16. Ne2
{[%clk 0:02:25]} Ba6 {[%clk 0:01:38]} 17. e4 {[%clk 0:02:24]} N5f6
{[%clk 0:01:29]} 18. Nc3 {[%clk 0:02:20]} Rc8 {[%clk 0:01:29]} 19. Bf4
{[%clk 0:02:04]} Nh5 {[%clk 0:01:27]} 20. Be3 {[%clk 0:02:02]} Nhf6
{[%clk 0:01:28]} 21. h3 {[%clk 0:01:44]} h6 {[%clk 0:01:29]} 22. Kh2
{[%clk 0:01:38]} Re8 {[%clk 0:01:23]} 23. f4 {[%clk 0:01:38]} Qc7
{[%clk 0:01:18]} 24. Bf2 {[%clk 0:01:34]} b5 {[%clk 0:01:15]} 25. Ne5
{[%clk 0:01:24]} b4 {[%clk 0:01:10]} 26. Na2 {[%clk 0:01:16]} Rb8
{[%clk 0:00:54]} 27. Rbc1 {[%clk 0:01:09]} Nxe5 {[%clk 0:00:55]} 28. fxe5
{[%clk 0:01:00]} Nd7 {[%clk 0:00:56]} 29. Bf1 {[%clk 0:00:29]} Bxf1
{[%clk 0:00:51]} 30. Rxf1 {[%clk 0:00:30]} c5 {[%clk 0:00:50]} 31. Rfd1
{[%clk 0:00:07]} Rec8 {[%clk 0:00:46]} 32. Qc4 {[%clk 0:00:04]} b3
{[%clk 0:00:32]} 33. Nc3 {[%clk 0:00:05]} cxd4 {[%clk 0:00:32]} 34. Qxd4
{[%clk 0:00:05]} b2 {[%clk 0:00:28]} 35. Rc2 {[%clk 0:00:04]} Nxe5
{[%clk 0:00:27]} 36. Kg2 {[%clk 0:00:03]} b1=Q {[%clk 0:00:24]} 37. Rxb1
{[%clk 0:00:03]} Rxb1 {[%clk 0:00:26]} 38. Nxb1 {[%clk 0:00:04]} Qxc2
{[%clk 0:00:26]} 0-1

[Event "Blitz 2018"]
[Site "Saint-Petersburg"]
[Date "2018.12.30"]
[Round "20"]
[Board "24"]
[White "Cheparinov Ivan (GEO)"]
[Black "Vallejo Pons Francisco (ESP)"]
[Result "1/2-1/2"]
[LiveChessVersion "1.4.8"]
[BlackElo "2673"]
[WhiteElo "2618"]

1. Nf3 {[%clk 0:03:03]} d5 {[%clk 0:03:04]} 2. d4 {[%clk 0:03:02]} Nf6
{[%clk 0:03:05]} 3. c4 {[%clk 0:03:03]} dxc4 {[%clk 0:03:04]} 4. e3
{[%clk 0:03:04]} e6 {[%clk 0:03:06]} 5. Bxc4 {[%clk 0:03:04]} c5 {[%clk 0:03:07]}
6. O-O {[%clk 0:03:04]} cxd4 {[%clk 0:03:08]} 7. exd4 {[%clk 0:03:03]} Be7
{[%clk 0:03:09]} 8. Nc3 {[%clk 0:03:01]} O-O {[%clk 0:03:10]} 9. Bg5
{[%clk 0:02:46]} Nc6 {[%clk 0:03:10]} 10. Qd2 {[%clk 0:02:43]} b6
{[%clk 0:02:56]} 11. Rad1 {[%clk 0:02:30]} Bb7 {[%clk 0:02:57]} 12. Ne5
{[%clk 0:02:22]} Rc8 {[%clk 0:02:42]} 13. Bb3 {[%clk 0:02:16]} Na5
{[%clk 0:02:10]} 14. Bc2 {[%clk 0:02:17]} Nd5 {[%clk 0:02:07]} 15. h4
{[%clk 0:01:52]} f5 {[%clk 0:01:44]} 16. Rfe1 {[%clk 0:01:45]} Bxg5
{[%clk 0:01:37]} 17. hxg5 {[%clk 0:01:45]} Nxc3 {[%clk 0:01:36]} 18. bxc3
{[%clk 0:01:46]} Bd5 {[%clk 0:01:19]} 19. g6 {[%clk 0:01:24]} Nc4
{[%clk 0:01:06]} 20. Nxc4 {[%clk 0:01:04]} Rxc4 {[%clk 0:01:05]} 21. gxh7+
{[%clk 0:01:03]} Kxh7 {[%clk 0:01:06]} 22. Bb3 {[%clk 0:01:02]} Rc6
{[%clk 0:01:05]} 23. Re5 {[%clk 0:01:01]} Qc7 {[%clk 0:00:39]} 24. Bxd5
{[%clk 0:00:57]} exd5 {[%clk 0:00:40]} 25. Qf4 {[%clk 0:00:42]} Rxc3
{[%clk 0:00:35]} 26. Rde1 {[%clk 0:00:28]} Rf6 {[%clk 0:00:36]} 27. Qh4+
{[%clk 0:00:23]} Rh6 {[%clk 0:00:36]} 28. Qg5 {[%clk 0:00:24]} Qf7
{[%clk 0:00:26]} 29. Rxf5 {[%clk 0:00:22]} Qg6 {[%clk 0:00:24]} 30. Rxd5
{[%clk 0:00:21]} Rc2 {[%clk 0:00:21]} 31. a4 {[%clk 0:00:16]} Rc4
{[%clk 0:00:21]} 32. a5 {[%clk 0:00:09]} Qxg5 {[%clk 0:00:21]} 33. Rxg5
{[%clk 0:00:10]} Rxd4 {[%clk 0:00:21]} 34. axb6 {[%clk 0:00:07]} axb6
{[%clk 0:00:20]} 35. g3 {[%clk 0:00:07]} Rd7 {[%clk 0:00:17]} 36. Kg2
{[%clk 0:00:07]} Rb7 {[%clk 0:00:18]} 37. Ree5 {[%clk 0:00:06]} Rg6
{[%clk 0:00:17]} 38. Rh5+ {[%clk 0:00:07]} Rh6 {[%clk 0:00:18]} 39. Rhg5
{[%clk 0:00:08]} Rg6 {[%clk 0:00:20]} 40. Rh5+ {[%clk 0:00:09]} 1/2-1/2